LEADER 00909nam0-22003011i-450- 001 990004313460403321 005 19990530 010 $a84-239-3847-6 035 $a000431346 035 $aFED01000431346 035 $a(Aleph)000431346FED01 035 $a000431346 100 $a19990530d1987----km-y0itay50------ba 101 0 $aita 105 $ay-------001yy 200 1 $aEscritos literarios$fGaspar Melchor de Jovellanos$gedición de Josè Miguel Caso Gonzàles 210 $aMadrid$cEspasa-Calpe$dc1987. 215 $a461 p.$d20 cm 225 1 $aClásicos castellanos$iNueva serie$v7 700 1$aJovellanos,$bGaspar Melchor de$f<1744-1811>$0193747 702 1$aCosa Gonzales,$bJose Miguel 801 0$aIT$bUNINA$gRICA$2UNIMARC 901 $aBK 912 $a990004313460403321 952 $aCOLL.335(7)$bBibl.5514$fFLFBC 959 $aFLFBC 996 $aEscritos literarios$9488239 997 $aUNINA LEADER 01051nam0-22003011i-450- 001 990001835090403321 005 20021010 035 $a000183509 035 $aFED01000183509 035 $a(Aleph)000183509FED01 035 $a000183509 100 $a20021010d--------km-y0itay50------ba 101 0 $aita 200 1 $aHistogenese di Tissu adipeux remplacant les Muscles vibrateurs histolyses apres le vol nuptial, chez les reines des Fourmis$fCharles Janet. 210 $aLimoges$c...$d1907. 215 $a4 p.$d28 cm 300 $aEstr. da: Comptes rendus hebdomadaires des Seances de l' Academie des Sciences, 144, 1907 610 0 $aFormicidae 676 $a595.796 700 1$aJanet,$bCharles$f<1849-1932>$070258 801 0$aIT$bUNINA$gRICA$2UNIMARC 901 $aBK 912 $a990001835090403321 952 $a60 MISC. A 39/2$b$fFAGBC 959 $aFAGBC 996 $aHistogenese di Tissu adipeux remplacant les Muscles vibrateurs histolyses apres le vol nuptial, chez les reines des Fourmis$9412208 997 $aUNINA DB $aING01 LEADER 05240nam 2200613 450 001 9910807720503321 005 20230126212317.0 010 $a1-4438-6758-6 035 $a(CKB)3710000000250143 035 $a(EBL)1800414 035 $a(SSID)ssj0001349486 035 $a(PQKBManifestationID)12537851 035 $a(PQKBTitleCode)TC0001349486 035 $a(PQKBWorkID)11400286 035 $a(PQKB)11354164 035 $a(Au-PeEL)EBL1800414 035 $a(CaPaEBR)ebr10949468 035 $a(CaONFJC)MIL649242 035 $a(OCoLC)892243446 035 $a(MiAaPQ)EBC1800414 035 $a(EXLCZ)993710000000250143 100 $a20130521d2013 uy| 0 101 0 $aeng 135 $aur|n|---||||| 181 $ctxt 182 $cc 183 $acr 200 00$aApplied social sciences $epsychology, physical education and social medicine /$fedited by Patricia Runcan, Georgeta Rat?a? and Alin Gavreliuc 210 1$aNewcastle upon Tyne, United Kingdom :$cCambridge Scholars Publishing,$d2013. 215 $a1 online resource (393 p.) 300 $aDescription based upon print version of record. 311 $a1-322-17978-6 311 $a1-4438-4524-8 320 $aIncludes bibliographical references and index. 327 $aTABLE OF CONTENTS; LIST OF TABLES; LIST OF ILLUSTRATIONS; FOREWORD; CHAPTER ONE - PSYCHOLOGY; ACUTE AND TRANSIENT PSYCHOTIC DISORDER; DEFENCE AND COPING MECHANISMS IN DEPRESSIVE DISORDERS; INTELLIGENCE STUDIES CURRICULUM IN THE ROMANIAN CIVIL HIGHER EDUCATION; FAMILY IN THE THERAPEUTIC ADHERENCE OF PSYCHOTIC PATIENTS; DEPRESSIVE PATIENTS WITH CHRONIC MEDICAL COMORBIDITY; SCHOOL AND INTEGRATING CHANGE; PERSONALITY AND MOTIVATION TO USE SOCIAL NETWORKING SITES; DEVIANT BEHAVIOUR IN TEENAGERS; WHY FINANCE IS IMAGINARY; ORAL HABITS AND PSYCHOLOGICAL FACTORS; LEGACIES OF REPRESSIVE REGIMES 327 $aIS THERE A DYNAMICS OF ACADEMIC LEARNING?EMOTION REGULATION; ANALYSIS OF THE PROFESSIONAL TRAINING NEEDS OF STUDENTS; SOMETHING IS ROTTEN WITH HOMO SAPIENS; CHAPTER TWO - PHYSICAL EDUCATION AND SPORT; EFFECTS OF MOTOR ACTIVITIES ON MENTAL FUNCTION DEVELOPMENT, CONSCIOUSNESS AND SELF-IMAGE; XANTINIC COMPOUNDS INCENTIVISING THE ACTIVE PRINCIPLES OF ATHLETE PERFORMANCE; THE LEARNING OF FUNDAMENTAL SWIMMING SKILLS BY DOWN SYNDROME SPORTSPEOPLE; THE LIFESTYLES OF TRAINED STAFF IN PLACEMENT CENTRES; ADAPTATION-TYPE BEHAVIOUR DEVELOPMENT IN CHILDREN WITH DOWN SYNDROME THROUGH MOTOR STIMULATION 327 $aOPTIMIZING JUNIOR GYMNASTS' TRAINING, IN ORDER TO IMPROVE SUPPORT IN MEN'S ARTISTIC GYMNASTICSREVIEW OF DANCE SPORT INFLUENCE ON LATERALITY DEVELOPMENT IN JUNIORS; THE ROLE OF THE STATIONARY BIKE AND THE TREADMILL IN CARDIORESPIRATORY ENDURANCE OPTIMIZATION AND BODY COMPOSITION MODELLING; PRIORITIES AND PERSPECTIVES OF SCIENCE, HUMAN EXCELLENCE AND UNIVERSITY SPORTS SOCIETY IN SUPPORTING SCIENTIFIC RESEARCH; FUNCTIONAL RECOVERY FEATURES IN CHILDREN WITH SPASTIC PARAPARESIS; PROFILE OF THE PRACTITIONERS OF ENDURANCE SPORTS IN ROMANIA 327 $aGROUP PERCEPTION OF OVERWEIGHT STUDENTS EXPERIENCED DURING PHYSICAL EDUCATION AND SPORTS CLASSINDIVIDUAL AND COLLECTIVE LEVELS IN TEAM-BUILDING THROUGH PHYSICAL EDUCATION; LEARNING OF THE FORWARD HANDSPRING VAULT ON THE BASIS OF BIOMECHANICAL INDICATORS OF SPORTS TECHNIQUE KEY ELEMENTS IN WOMEN'S ARTISTIC GYMNASTICS; FORMING CREATIVE SKILLS IN PHYSICAL EDUCATION AND SPORTS STUDENTS; MODELLING FUTURE TEACHERS' AGGRESSIVENESS; PERFORMANCE LEVEL ANALYSIS AND OPTIMIZATION OF THE BUCHAREST UNIVERSITY BASKETBALL TEAM; HYDRO KINESIOTHERAPY IN THE REHABILITATION OF POSTURAL DEFORMITIES OF THE SPINE 327 $aCHAPTER THREE - SOCIAL MEDICINEUSE OF ILLICIT DRUGS AND SUICIDAL MANIFESTATIONS IN YOUTH; NORMALITY OF NONVERBAL BEHAVIOUR FROM THE PERSPECTIVE OF INFORMATIONAL PSYCHIC LEVELS; THE EFFECT OF HYPNOSIS ON THE FLEXIBILITY OF ASSOCIATIVE RECOGNITION MEMORY; VULNERABILITY AND PSYCHOPATHOLOGY FROM THE PERSPECTIVE OF PSYCHOSOCIAL INFLUENCES; EXAMINING EMOTIONAL INTELLIGENCE AND NONVERBAL SENSITIVITY USING MSCEIT AND PONS; THE PERSISTENCE OF DISCRIMINATION AMONG ADULTS LIVING WITH HIV; RISK FACTORS IN OROPHARYNGEAL CANDIDIASIS IN INSTITUTIONALISED ELDERLY PATIENTS 327 $aTHE IMPACT OF THE 2007-2012 ECONOMIC CRISIS ON POPULATION HEALTH STATUS 330 $aApplied Social Sciences: Psychology, Physical Education and Social Medicine is focused on an interdisciplinary area of research, coagulating quantitative and qualitative studies related to developmental psychology, methodology of applied psychology, educational psychology, physical education and social medicine. Some of these topics, such as deviant behaviours of adolescents, validation of specific psychological scales, cross-cultural approaches in education, behaviour optimization at the ind... 606 $aSocial sciences$xMethodology 615 0$aSocial sciences$xMethodology. 676 $a300.1 702 $aRuncan$b Patricia-Luciana$f1977- 702 $aRat?a?$b Georgeta 702 $aGavreliuc$b Alin$f1969- 801 0$bMiAaPQ 801 1$bMiAaPQ 801 2$bMiAaPQ 906 $aBOOK 912 $a9910807720503321 996 $aApplied social sciences$93936518 997 $aUNINA